Система непрерывного мониторинга и контроля вредных выбросов ТЭС в атмосферу: учебное пособие

Detalles Bibliográficos
Autor Principal: Росляков П. В. Павел Васильевич
Outros autores: Ионкин И. Л. Игорь Львович, Егорова Л. Е. Людмила Евгеньевна
Idioma:ruso
Publicado: Москва, Изд-во МЭИ, 2000
Subjects:
Formato: Libro
KOHA link:https://koha.lib.tpu.ru/cgi-bin/koha/opac-detail.pl?biblionumber=25075

MARC

LEADER 00000nam0a2200000 4500
001 25075
005 20231030200616.0
010 |a 5704606032 
035 |a (RuTPU)RU\TPU\book\25311 
035 |a BOOK00025386 
090 |a 25075 
100 |a 20011209d2000 m y0rusy50 ca 
101 0 |a rus 
102 |a RU 
105 |a a j 000zy 
200 1 |a Система непрерывного мониторинга и контроля вредных выбросов ТЭС в атмосферу  |e учебное пособие  |f П. В. Рослякова, И. Л. Ионкин, Л. Е. Егорова 
210 |a Москва  |c Изд-во МЭИ  |d 2000 
215 |a 158 с.  |c ил. 
610 1 |a тепловые электростанции 
610 1 |a ТЭС 
610 1 |a вредные выбросы 
610 1 |a контроль 
610 1 |a мониторинг 
610 1 |a атмосфера 
610 1 |a учебные пособия 
675 |a 621.311.22:628(075.8)  |v 3 
700 1 |a Росляков  |b П. В.  |g Павел Васильевич 
701 1 |a Ионкин  |b И. Л.  |g Игорь Львович 
701 1 |a Егорова  |b Л. Е.  |g Людмила Евгеньевна 
801 0 |a RU  |b 63413507  |c 20011209  |g PSBO 
801 2 |a RU  |b 63413507  |c 20111025  |g PSBO 
900 |a Мониторинг и контроль окружающей среды в энергетике 
942 |c BK 
952 |a 550900  |b 100000